ओळखा आपली प्रकृती. (Record no. 767075)

MARC details
000 -LEADER
fixed length control field 00683nam a2200181Ia 4500
008 - FIXED-LENGTH DATA ELEMENTS--GENERAL INFORMATION
fixed length control field 100921s9999 xx 000 0 und d
082 ## - DEWEY DECIMAL CLASSIFICATION NUMBER
Item number 17962
Classification number 613 ढ 91
100 ## - MAIN ENTRY--PERSONAL NAME
Personal name साठे श.म.
245 ## - TITLE STATEMENT
Title ओळखा आपली प्रकृती.
260 ## - PUBLICATION, DISTRIBUTION, ETC. (IMPRINT)
Name of publisher, distributor, etc सागर प्रकाशन,पुणे.
Date of publication, distribution, etc 1891
300 ## - PHYSICAL DESCRIPTION
Extent 56
Other physical details ---
365 ## - TRADE PRICE
Price amount 4
520 ## - SUMMARY, ETC.
Summary, etc तंत्रविज्ञान-आहार-आरोग्य.
630 ## - SUBJECT ADDED ENTRY--UNIFORM TITLE
Uniform title ओळखा आपली प्रकृती.
650 ## - SUBJECT ADDED ENTRY--TOPICAL TERM
Topical term or geographic name as entry element तंत्रविज्ञान-आहार-आरोग्य.
730 ## - ADDED ENTRY--UNIFORM TITLE
Uniform title ओळखा आपली प्रकृती.
942 ## - ADDED ENTRY ELEMENTS (KOHA)
Koha item type Book
Holdings
Withdrawn status Lost status Damaged status Not for loan Home library Current library Shelving location Date acquired Cost, normal purchase price Total Checkouts Barcode Date last seen Price effective from Koha item type Public note
        Lo. Tilak Granthasangrahalaya, Wai Lo. Tilak Granthasangrahalaya, Wai     4.00   WAITILAKGS-17962 09/21/2010 09/21/2010 Book देवघेव